ASOIAF: A Game of Thrones chapters by last sentence Quiz Stats

 Plays Quiz not verified by Sporcle

Challenge
Share
Tweet
Embed
Score 0/73 Timer 20:00
0 Plays Today
% Correct
Eddard
90.6%
Eddard
89.4%
Eddard
87.5%
Daenerys
87.5%
Eddard
86.9%
Bran
86.9%
Sansa
86.3%
Daenerys
86.3%
Eddard
85.6%
Daenerys
85.6%
Daenerys
85.6%
Jon
85%
Eddard
85%
Daenerys
85%
Daenerys
84.4%
Sansa
83.8%
Bran
82.5%
Jon
82.5%
Bran
81.3%
Jon
80.6%
Jon
80%
Catelyn
80%
Eddard
79.4%
Catelyn
78.8%
Daenerys
77.5%
Bran
76.3%
Eddard
75.6%
Eddard
75.6%
Catelyn
75.6%
Eddard
75%
Catelyn
75%
Jon
73.8%
Eddard
73.8%
Catelyn
73.8%
Catelyn
73.1%
Catelyn
73.1%
Sansa
73.1%
% Correct
Arya
72.5%
Tyrion
71.3%
Tyrion
70.6%
Eddard
70.6%
Will
70%
Tyrion
70%
Tyrion
70%
Tyrion
69.4%
Tyrion
67.5%
Catelyn
66.9%
Arya
66.9%
Eddard
66.9%
Jon
66.3%
Arya
65.6%
Bran
65%
Daenerys
62.5%
Sansa
61.3%
Arya
60.6%
Jon
60%
Tyrion
57.5%
Eddard
54.4%
Arya
53.1%
Jon
52.5%
Catelyn
50%
Sansa
48.1%
Daenerys
46.9%
Bran
46.9%
Jon
46.9%
Eddard
43.1%
Catelyn
43.1%
Daenerys
42.5%
Tyrion
42.5%
Tyrion
39.4%
Bran
38.1%
Sansa
35.6%
Catelyn
35%

You're not logged in!

Compare scores with friends on all Sporcle quizzes.
Join for Free
OR
Log In

You Might Also Like...

Show Comments

Extras

Created May 2, 2017ReportNominate
Tags:asoiaf

Top Quizzes Today


Score Distribution

Your Account Isn't Verified!

In order to create a playlist on Sporcle, you need to verify the email address you used during registration. Go to your Sporcle Settings to finish the process.

Report this User

Report this user for behavior that violates our Community Guidelines.

Details: